000 00664nam a2200121Ia 4500
008 220620s9999||||xx |||||||||||||| ||und||
100 _aFujishige, Hiromi Nagata||Uesugi, Yuji||Honda, Tomoaki
245 0 _aJapan’s Peacekeeping at a Crossroads
_bTaking a Robust Stance or Remaining Hesitant?
546 _aEnglish[eng]
650 _aOpen Access||Japanese studies||peacekeeping||peacebuilding||security policy||United Nations||Japanese foreign policy||SDG 16||sustainable development goals||peace operations||Japan’s contribution to global peace
856 _uhttps://library.oapen.org/bitstream/20.500.12657/52836/1/978-3-030-88509-0.pdf
942 _cEB
999 _c22097
_d22097